Introducción a los tubos electrónicos y semiconductores / (Record no. 23115)

MARC details
000 -LEADER
campo de control de longitud fija 00698nam a2200193 i 4500
001 - NÚMERO DE CONTROL
campo de control 23115
003 - IDENTIFICADOR DE NÚMERO DE CONTROL
campo de control ES-MaACL
005 - FECHA Y HORA DE LA ÚLTIMA TRANSACCIÓN
campo de control 20230906152823.0
007 - CAMPO FIJO DE DESCRIPCIÓN FÍSICA--INFORMACIÓN GENERAL
campo de control de longitud fija t|
008 - DATOS DE LONGITUD FIJA--INFORMACIÓN GENERAL
campo de control de longitud fija 021209s1969 sp ||||1| spa d
100 1# - ENTRADA PRINCIPAL--NOMBRE DE PERSONA
Nombre de persona Alvarez, E. C.
9 (RLIN) 20624
245 10 - MENCIÓN DEL TÍTULO
Título Introducción a los tubos electrónicos y semiconductores /
Mención de responsabilidad, etc. E.C. Alvarez, David E. Fleckles ; traducción y adaptación, Rafael Gómez de Ureta, Angel Gutiérrez Vázquez.
260 ## - PUBLICACIÓN, DISTRIBUCIÓN, ETC.
Lugar de publicación, distribución, etc. Madrid :
Nombre del editor, distribuidor, etc. Castillo,
Fecha de publicación, distribución, etc. 1969.
300 ## - DESCRIPCIÓN FÍSICA
Extensión 331 p. :
Otras características físicas il, gráf. ;
Dimensiones 23 cm.
700 1# - ENTRADA AGREGADA--NOMBRE PERSONAL
Nombre de persona Fleckles, David E.
9 (RLIN) 51148
700 1# - ENTRADA AGREGADA--NOMBRE PERSONAL
Nombre de persona Gómez de Ureta, Rafael.
9 (RLIN) 57924
700 1# - ENTRADA AGREGADA--NOMBRE PERSONAL
Nombre de persona Gutiérrez Vázquez, Angel.
9 (RLIN) 61233
852 ## - LOCALIZACIÓN
Ubicación ES-MaACL
Número de control de estantería C-38091
Sublocalización o colección R.71926
Holdings
Estatus retirado Estado de pérdida Estado de daño No para préstamo Biblioteca de origen Biblioteca actual Ubicación en estantería Fecha de adquisición Fuente de adquisición Total de préstamos Signatura topográfica completa Código de barras Visto por última vez Precio de reemplazo Tipo de ítem Koha
        Biblioteca del Ateneo de Madrid Biblioteca del Ateneo de Madrid Depósito 2 17/01/2008     C-38091 1023815 23/02/2023 23/02/2023 Libro impreso